MARC details
| 000 -BAŞLIK |
| Sabit Uzunlukta Kontrol Alanı |
01446na a2200337 4500 |
| 001 - KONTROL NUMARASI |
| Denetim Alanı |
24244 |
| 003 - KONTROL NUMARASI IDENTIFIER |
| Denetim Alanı |
MIRAKIL |
| 005 - SON İŞLEM TARİHİ VE ZAMANI |
| Denetim Alanı |
20181213154950.0 |
| 008 - SABİT-BOY VERİ ELEMANLARI - GENEL BİLGİLER |
| Sabit Uzunlukta Kontrol Alanı |
180829b tu 000 0 |
| 020 ## - ULUSLARARASI STANDART KİTAP NUMARASI |
| Uluslararası Standart Kitap Numarası |
9786053320661 |
| 040 ## - KATALOGLAMA KAYNAK |
| Orijinal Kataloglama Ajansı |
Milas |
| Kataloglama Dili |
tur |
| Metne Dönüştürmek Ajansı |
TR-AnCHP |
| 041 ## - DİL KODU |
| Metin / Ses Parça Veya Ayrı Başlığın Dil Kodu |
tur |
| 082 ## - DEWEY ONLU SINIFLANDIRMA NUMARASI |
| Sınıflandırma Numarası |
956.101543 |
| Ürün Numarası |
T82y 2014 |
| 090 ## - SINIFLAMA NUMARASI |
| Sınıflama Numarası |
956.101543 T82y 2014 |
| 100 ## - ANA GİRİŞ - KİŞİSEL İSİM |
| Kişisel Ad |
Tufan, Mesut Yaşar |
| 245 ## - BAŞLIK TABLOSU |
| Başlık |
Yüz yıl sonra balkan savaşları |
| Başlığın Kalan |
Ne ? Nasıl ? Neden ? |
| -- |
Tarafların gözüyle büyük yenilginin eleştirisi |
| Sorumluluk Tablosu, Vb |
Mesut Yaşar Tufan, İzzeddin Çalışlar |
| 246 ## - UNVAN FORM VARYING |
| Başlık Doğru / Kısa Başlığı |
Tarafların gözüyle büyük yenilginin eleştirisi |
| 246 ## - UNVAN FORM VARYING |
| Başlık Doğru / Kısa Başlığı |
Ne ? Nasıl ? Neden ? |
| 260 ## - YAYIN, DAĞITIM, VB |
| Yayın, Dağıtım, Vb Yeri |
İstanbul |
| Yayıncı, Dağıtıcı, Vs Adı |
Türkiye İş Bankası Kültür Yayınları |
| Yayın, Dağıtım, Vb Tarihi |
2014 |
| Üretici Firma |
Golden Medya Matbaacılık |
| 300 ## - FİZİKSEL TANIM |
| Kapsam |
Vii, 88 s. |
| Diğer Fiziksel Ayrıntıları |
fotğ. , hrt. |
| Boyutlar |
27 sm. |
| 440 ## - SERİSİ TABLOSU / KATMA GİRİŞİ - BAŞLIK |
| Başlık |
İş Bankası Kültür Yayınları |
| Hacim / Ardışık Tanımı |
genel yayın: 2952 |
| 500 ## - GENEL NOT |
| Genel Not |
Yüzbaşı İzzettin (Çalışlar), Zeki Paşa (Kolaç), Lectures Pour Tous, Yarbay Mustafa Kemal (Atatürk), Lev Troçki, Yüzbaşı Eyüp (Durukan), Pierre Loti ve İlyas Petropulos'un yazdıklarından derleyerek yayına hazırlanmıştır. |
| 504 ## - KAYNAKÇA VB NOT |
| Kaynakça Vb Notu |
Dizin var. |
| 650 ## - KONU KATMA GİRİŞ - TOPİKAL DÖNEM |
| Topikal Süreli Veya Coğrafi Ad Giriş Elemanı |
Balkan Savaşları |
| Kronolojik Alt Bölümü |
1912-1913 |
| 650 ## - KONU KATMA GİRİŞ - TOPİKAL DÖNEM |
| Topikal Süreli Veya Coğrafi Ad Giriş Elemanı |
Tarih |
| Genel Alt Bölümü |
Türkiye |
| 700 ## - KATMA GİRİŞ - KİŞİSEL İSİM |
| Kişisel Ad |
Çalışlar, İzzeddin |
| 700 ## - KATMA GİRİŞ - KİŞİSEL İSİM |
| Kişisel Ad |
Tufan, Mesut Yaşar |
| 740 ## - KATMA GİRİŞ - KONTROLSUZ İLGİLİ / ANALİTİK BAŞLIK |
| Kontrol Edilmeyen / İlgili Analitik Başlıktaki |
Tarafların gözüyle büyük yenilginin eleştirisi |
| 740 ## - KATMA GİRİŞ - KONTROLSUZ İLGİLİ / ANALİTİK BAŞLIK |
| Kontrol Edilmeyen / İlgili Analitik Başlıktaki |
Ne ? Nasıl ? Neden ? |
| 942 ## - EKLENDİ GİRİŞ ELEMANLARI (KOHA) |
| Sınıflandırma Veya Raf Düzeni Kaynak |
|
| Koha Öğesi Türü |
Books |
| 999 ## - SİSTEM KONTROL NUMARALARI (KOHA) |
| Koha Biblionumber |
4013 |
| Koha Biblioitemnumber |
4013 |